000 01250cam a2200385Ma 4500
999 _c3467
_d3467
001 ocn798409202
003 OCoLC
005 20170829095454.0
008 120626r20122008enk b 001 0 eng d
015 _aGBB264846
_2bnb
016 7 _a016117835
_2Uk
020 _a9781107407947
_q(pbk.)
020 _a110740794X
_q(pbk.)
035 _a(OCoLC)798409202
040 _aUKMGB
_beng
_cUKMGB
_dOCLCO
_dYDXCP
_dGZM
_dOCLCF
_dOCLCO
_dOCLCQ
049 _aTZAA
050 4 _aPA4247
_b.T73 2012
082 0 4 _a882.01
_223
100 1 _aTraill, Ariana,
_d1969-
245 1 0 _aWomen and the comic plot in Menander /
_cAriana Traill.
250 _a1st pbk ed.
260 _aCambridge ;
_aNew York :
_bCambridge University Press,
_c2012.
300 _ax, 301 pages ;
_c23 cm
500 _aOriginally published: 2008.
504 _aIncludes bibliographical references and index.
600 0 0 _aon order
600 0 0 _aMenander,
_cof Athens
_xCharacters
_xWomen.
600 0 7 _aMenander,
_cof Athens.
_2fast
650 0 _aWomen in literature.
650 0 _aGreek drama (Comedy)
_xHistory and criticism.
650 7 _aGreek drama (Comedy)
_2fast
650 7 _aWomen in literature.
_2fast
655 7 _aCriticism, interpretation, etc.
_2fast
942 _2lcc
_cBOOK